000
00252nam a22001217a 4500
008
181126b xxu||||| |||| 00| 0 eng d
041
_a
eng
080
_a
910
100
_a
43
101
_a
geo
245
_a
Earth Volcano
_c
Robert.p
942
_2
udc
_c
BK
999
_c
52484
_d
52484